000 00992nam a2200301 a 4500
001 000109817
003 CHAP
005 20220329144105.0
008 140529s2014 mx ad |rm |0|||||spa d
010 _a106279
011 _a107251
040 _cCHAP
090 _aTesis
100 1 _aMunivez Castro Nancy Olivia
_9127145
245 1 0 _aEvaluación de una fuente de nitrógeno no proteico y melaza, adicionados en la dieta de corderos de engorda /
_cpor Nancy Olivia Munivez Castro.
260 _aCocula, Gro. :
_bEl autor,
_c2014.
300 _a49 h. :
_bil., gráfs.
502 _aTesis (Ing. Agr. Zootecnista) -- CSAEGRO.
590 _aE5652GLJ
_b05
_c20140529
_lUCH01
_h1452
590 _aE5652GLJ
_b05
_c20140529
_lUCH01
_h1452
650 1 4 _aGanado lanar
_xAlimentación.
_945153
650 1 4 _aGanado lanar
_xEngorda.
_945175
650 1 4 _aGanado lanar
_xProducción.
_945214
650 1 4 _aNitrógeno en nutrición animal.
_981475
901 _aBK
942 _cTESIS
942 _n0
999 _c106279
_d106279